000 00884nam a2200277 i 4500
001 bg
003 BPK
005 20231205062739.0
008 961012s1996 pl |000 0 pol
020 _a8390510650
040 _cBPK
080 _a658.17
080 _a659.13/.16
080 _a346
100 1 _aSznajder, Andrzej
_eAutor
245 1 0 _aSponsoring czyli Jak promować firmę wspierając innych /
_cAndrzej Sznajder.
246 3 0 _a Jak promować firmę wspierając innych
260 _aWarszawa :
_b[Business Press,
_c1996?].
300 _a197 s. :
_bfot.(w tym 2 kolor.),rys., wykr. ;
_c21 cm.
490 1 _aBusinessman Book
504 _aBibliogr. s. 193-196.
650 4 _aSponsoring
856 _uhttp://koha.tu.koszalin.pl/cgi-bin/koha/opac-detail.pl?biblionumber=31788
_yKatalog online BPK
830 _aBusinessman Book
942 _cKS
_2UKD
999 _c31788
_d31788